Charizma a vízia v nových modeloch vedenia ľudí

Saved in:
Bibliographic Details
Main Author: Suntingerová, Ľudmila
Format: Book Chapter
Language:Slovak
Tags: Add Tag
No Tags, Be the first to tag this record!

MARC

LEADER 00000naa$a2200000$$$4500
001 0054943
005 20240711093023.0
041 0 |a slo 
044 |a SK 
245 1 0 |a Charizma a vízia v nových modeloch vedenia ľudí  |c Ľudmila Suntingerová 
100 1 |a Suntingerová, Ľudmila